| 000 | 00551nam a2200133Ia 4500 | ||
|---|---|---|---|
| 008 | 150609s9999 xx 000 0 und d | ||
| 050 |
_aBF 724 _b.B171 2015 |
||
| 100 | _aBalalta, Michael Gregory W. | ||
| 245 |
_aSelf-image and interpersonal relations profile of selected teenagers exposed to video games in Las Piñas City / _cMichael Gregory W. Balalta. |
||
| 260 |
_aLas Piñas, Philippines : _bSISC, _c2015. |
||
| 300 |
_a60 pages : _billustrations ; _c28 cm. |
||
| 500 | _aIncludes bibliographical references and appendices. | ||
| 650 | _aAdoloscence | ||
| 999 |
_c285083 _d285083 |
||